Detalles MARC
| 000 -LEADER |
| campo de control de longitud fija |
03691nam a22007337a 4500 |
| 001 - NÚMERO DE CONTROL |
| campo de control |
42835 |
| 003 - IDENTIFICADOR DE NÚMERO DE CONTROL |
| campo de control |
gtgccic |
| 005 - FECHA Y HORA DE LA ÚLTIMA TRANSACCIÓN |
| campo de control |
20250728114825.0 |
| 007 - CAMPO FIJO DE DESCRIPCIÓN FÍSICA--INFORMACIÓN GENERAL |
| campo de control de longitud fija |
ta |
| 008 - DATOS DE LONGITUD FIJA--INFORMACIÓN GENERAL |
| campo de control de longitud fija |
250728b ck ||||| |||| 00| 0 spa d |
| 020 ## - NÚMERO INTERNACIONAL ESTÁNDAR DEL LIBRO |
| Número Internacional Estándar del Libro |
9789580498643 |
| 040 ## - FUENTE DE CATALOGACIÓN |
| Centro catalogador/agencia de origen |
gtgccic |
| Lengua de catalogación |
spa |
| Centro/agencia transcriptor |
gtgccic |
| Centro/agencia modificador |
gtgccic |
| Normas de descripción |
rda |
| 082 ## - NÚMERO DE LA CLASIFICACIÓN DECIMAL DEWEY |
| Número de clasificación |
670.785 F848 |
| 100 1# - ENTRADA PRINCIPAL--NOMBRE DE PERSONA |
| Nombre de persona |
Edward H. Frazelle, Ph.D. |
| Numeración |
Presidente y director ejecutivo de Logistics Resources International, |
| Títulos y otros términos asociados al nombre |
fundador de The Logistics Institute de Georgia Tech y |
| Fechas asociadas al nombre |
director del programa Logistics Management series |
| Término indicativo de función/relación |
Autor |
| 100 1# - ENTRADA PRINCIPAL--NOMBRE DE PERSONA |
| Nombre de persona |
Ricardo Sojo Quirós |
| Títulos y otros términos asociados al nombre |
Ingeniero Industrial |
| Fechas asociadas al nombre |
director de Logistics Resources International para América Latina |
| Término indicativo de función/relación |
Autor |
| 245 ## - MENCIÓN DEL TÍTULO |
| Título |
Logística de almacenamiento y manejo de materiales de clase mundial / |
| Mención de responsabilidad, etc. |
Frazelle, Edward H. |
| 250 ## - MENCION DE EDICION |
| Mención de edición |
Título original: |
| Resto de la mención de edición |
World-class warehousing and material handling |
| 264 ## - PRODUCCIÓN, PUBLICACIÓN, DISTRIBUCIÓN, FABRICACIÓN Y COPYRIGHT |
| Producción, publicación, distribución, fabricación y copyright |
Bogotá, Colombia : |
| Nombre del de productor, editor, distribuidor, fabricante |
Grupo Editorial Norma ; |
| Fecha de producción, publicación, distribución, fabricación o copyright |
2007. |
| 300 ## - DESCRIPCIÓN FÍSICA |
| Extensión |
xv, 334 p. : |
| Otras características físicas |
il. |
| Dimensiones |
23 cm |
| 336 ## - TIPO DE CONTENIDO |
| Fuente |
rdacontenido |
| Término de tipo de contenido |
texto |
| Código de tipo de contenido |
txt |
| 337 ## - TIPO DE MEDIO |
| Fuente |
rdamedio |
| Nombre/término del tipo de medio |
sin mediación |
| Código del tipo de medio |
n |
| 338 ## - TIPO DE SOPORTE |
| Fuente |
rdasoporte |
| Nombre/término del tipo de soporte |
volumen |
| Código del tipo de soporte |
nc |
| 505 ## - NOTA DE CONTENIDO CON FORMATO |
| Título |
CAPÍTULO 1 |
| 505 ## - NOTA DE CONTENIDO CON FORMATO |
| Título |
Introducción: POR QUÉ TENER UNA BODEGA |
| 505 ## - NOTA DE CONTENIDO CON FORMATO |
| Título |
SECCIÓN 1 |
| 505 ## - NOTA DE CONTENIDO CON FORMATO |
| Título |
Investigación de las operaciones de almacenamiento |
| 505 ## - NOTA DE CONTENIDO CON FORMATO |
| Título |
CAPÍTULO 2 |
| 505 ## - NOTA DE CONTENIDO CON FORMATO |
| Título |
PERFIL DE LAS ACTIVIDADES DE ALMACENAMIENTOS: EN BÚSQUEDA DE ORO |
| 505 ## - NOTA DE CONTENIDO CON FORMATO |
| Título |
CAPÍTULO 3 |
| 505 ## - NOTA DE CONTENIDO CON FORMATO |
| Título |
MEDICIÓN Y BENCHMARKING DEL DESEMPEÑO DE UN ALMACÉN |
| 505 ## - NOTA DE CONTENIDO CON FORMATO |
| Título |
SECCIÓN II |
| 505 ## - NOTA DE CONTENIDO CON FORMATO |
| Título |
Operaciones innovativas en almacenamiento |
| 505 ## - NOTA DE CONTENIDO CON FORMATO |
| Título |
CAPÍTULO 4 |
| 505 ## - NOTA DE CONTENIDO CON FORMATO |
| Título |
PRINCIPIOS DE RECEPCIÓN Y ACOMODO |
| 505 ## - NOTA DE CONTENIDO CON FORMATO |
| Título |
CAPÍTULO 5 |
| 505 ## - NOTA DE CONTENIDO CON FORMATO |
| Título |
SISTEMAS DE ALMAENAMIENTO Y SISTEMAS DE EXTRACCIÓN EN TARIMAS |
| 505 ## - NOTA DE CONTENIDO CON FORMATO |
| Título |
CAPÍTULO 6 |
| 505 ## - NOTA DE CONTENIDO CON FORMATO |
| Título |
SISTEMAS DE PREPARACIÓN DE CAJAS O BULTOS |
| 505 ## - NOTA DE CONTENIDO CON FORMATO |
| Título |
CAPÍTULO 7 |
| 505 ## - NOTA DE CONTENIDO CON FORMATO |
| Título |
SISTEMAS DE PREPARACIÓN DE UNIDADES SUELTAS |
| 505 ## - NOTA DE CONTENIDO CON FORMATO |
| Título |
CAPÍTULO 8 |
| 505 ## - NOTA DE CONTENIDO CON FORMATO |
| Título |
OPERACIONES DE PREPARACIÓN DE PEDIDOS |
| 505 ## - NOTA DE CONTENIDO CON FORMATO |
| Título |
CAPÍTULO 9 |
| 505 ## - NOTA DE CONTENIDO CON FORMATO |
| Título |
EMBALAJE Y DESPACHO |
| 505 ## - NOTA DE CONTENIDO CON FORMATO |
| Título |
CAPÍTULO 10 |
| 505 ## - NOTA DE CONTENIDO CON FORMATO |
| Título |
DISTRIBUCIÓN DEL ALMACÉN |
| 505 ## - NOTA DE CONTENIDO CON FORMATO |
| Título |
SECCIÓN III |
| 505 ## - NOTA DE CONTENIDO CON FORMATO |
| Título |
Implementación de nuevos diseños de almacenamiento |
| 505 ## - NOTA DE CONTENIDO CON FORMATO |
| Título |
CAPÍTULO 11 |
| 505 ## - NOTA DE CONTENIDO CON FORMATO |
| Título |
SIMULACIÓN PARA EL DISEÑO DE CENTROS DE DISTRIBUCIÓN Y MEJORAMIENTO DE LOS PROCESOS DEL ALMACÉN |
| 505 ## - NOTA DE CONTENIDO CON FORMATO |
| Título |
CAPÍTULO 12 |
| 505 ## - NOTA DE CONTENIDO CON FORMATO |
| Título |
AUTOMATIZACIÓN DE LAS OPERACIONES DEL ALMACÉN |
| 505 ## - NOTA DE CONTENIDO CON FORMATO |
| Título |
CAPÍTULO 13 |
| 505 ## - NOTA DE CONTENIDO CON FORMATO |
| Título |
DISEÑO Y DESARROLLO DE LA FUERZA LABORAL DEL ALMACÉN |
| 520 ## - RESUMEN, ETC. |
| Sumario, etc. |
La Cadena de Abastecimieto se ha desarrollado velozmente, debido al gran auge del intercambio de productos e información que se ha generado por la globalización y la competencia. Para muchos el concepto de logística es sencillamente administrar el área de transportes, o el área del almacén, o ambas o bien el área de importaciones o exportaciones de una compañía. La logística va más allá de un solo proceso, es la interacción de varios procesos. Este libro presenta una metodología desarrollada por Logistics Resources International y tiene en cuenta los conceptos modernos y cambios en el medio global, las mejores prácticas de clase mundial y experiencias desarrolladas durante actividades de consultoría para el diseño y la gerencia de almacenamiento para el desarrollo de un plan maestro del almacén. |
| 650 ## - PUNTO DE ACCESO ADICIONAL DE MATERIA--TÉRMINO DE MATERIA |
| Término de materia o nombre geográfico como elemento de entrada |
ALMACENES |
| 650 ## - PUNTO DE ACCESO ADICIONAL DE MATERIA--TÉRMINO DE MATERIA |
| Término de materia o nombre geográfico como elemento de entrada |
MANEJO DE MATERIALES |
| 650 ## - PUNTO DE ACCESO ADICIONAL DE MATERIA--TÉRMINO DE MATERIA |
| Término de materia o nombre geográfico como elemento de entrada |
EMBALAJE |
| 700 ## - ENTRADA AGREGADA--NOMBRE PERSONAL |
| Nombre de persona |
Ricardo Sojo |
| Término indicativo de función/relación |
Traducción |
| 700 ## - ENTRADA AGREGADA--NOMBRE PERSONAL |
| Nombre de persona |
Henry Esquivel L. y |
| 700 ## - ENTRADA AGREGADA--NOMBRE PERSONAL |
| Nombre de persona |
Alvaro José Hurtado S. |
| Término indicativo de función/relación |
Revisión técnica |
| 942 ## - ELEMENTOS DE ENTRADA SECUNDARIOS (KOHA) |
| Fuente de la clasificación o esquema de estantería |
Clasificación Decimal Dewey |
| Tipo de ítem Koha |
Libros |
| Suprimir en OPAC |
No |
| 945 ## - PROCESAMIENTO DE INFORMACIÓN LOCAL (OCLC) |
| a |
amlo |